| 000 | 01294nam a2200373 c 4500 | ||
|---|---|---|---|
| 003 | BLK | ||
| 005 | 20180420221633.0 | ||
| 008 | 180408b bul|||||r ||||||| ||bul|| | ||
| 010 | _aKNG00049158000 | ||
| 020 |
_a0-582-41663-9 _bиздат.: Longman |
||
| 040 | _aBLK | ||
| 041 |
_aENG _cENG |
||
| 080 |
_aАнглийски език _b811.111 _x(075.4) _z811.111(075.4) |
||
| 080 |
_aАмериканска литература (на САЩ) _b821.111(73) _x-91-31 _z821.111(73)-91-31 |
||
| 100 | 1 |
_aStrasser, Todd _eпърви автор _9280163 |
|
| 700 | 1 |
_aEscott, John _eretold by _99649 |
|
| 139 |
_aStrasser, Todd _bS 88 |
||
| 245 | 1 | 0 |
_aJumanji _cTodd Strasser; retold by John Escott. |
| 257 | _aUSA | ||
| 260 |
_аHarlow _bLongman _bPearson Education _bPenguin Books _c1999 _fMadrid : Mateu Cromo, S. A. Pinto |
||
| 300 |
_a40 p. _c20 cm |
||
| 380 | _a80 | ||
| 490 | 1 |
_aPenguin Readers _vLevel 2 |
|
| 500 | _aОфс. изд. | ||
| 650 | 4 |
_aАнглийски език - текстове, адаптирани _9241528 |
|
| 653 | _aанглийски език | ||
| 653 | _aтекстове | ||
| 653 | _aадаптирани книги | ||
| 852 | _aЦб 223064 | ||
| 856 | 4 |
_qpdf _u |
|
| 856 | 4 |
_qpdf _u |
|
| 942 |
_cKNG _n0 _01 |
||
| 944 |
_aCR _c30.03.2005 _kТеодора_Стоянова |
||
| 944 |
_aED _c04.04.2005 _k |
||
| 999 |
_c45365 _d45365 |
||